000 00735nam a2200217 a 4500
999 _c2457
_d2457
001 2457
003 BD-JhCC
005 20171102184911.0
008 171102s2000 bg ||||| |||| 00| 0 ben d
035 _a(BD-JhCC)
040 _aBD-JhCC
_dBD-JhCC
041 _aben
082 _a891.4409
_bMAH 2000
100 _aমাহমুদ, হোসেন
245 _aবাংলা সাহিত্যে মুসলিম জাগরণের সূচনা /
_cহোসেন মাহমুদ
260 _aঢাকা :
_bইসলামিক ফাউন্ডেশন ;
_c২০০০
300 _a৮৮ পৃ. ;
_c২২ সেমি
650 _aBengali literature
650 _aMuslim literature
942 _2ddc
_cBK